Diagnóstico parasitológico veterinario / (Record no. 111452)

MARC details
000 -LEADER
campo de control de longitud fija 00576nam a2200181 4500
001 - NÚMERO DE CONTROL
campo de control 111452
003 - IDENTIFICADOR DE NÚMERO DE CONTROL
campo de control ES-MaACL
005 - FECHA Y HORA DE LA ÚLTIMA TRANSACCIÓN
campo de control 20230906185314.0
007 - CAMPO FIJO DE DESCRIPCIÓN FÍSICA--INFORMACIÓN GENERAL
campo de control de longitud fija t|
008 - DATOS DE LONGITUD FIJA--INFORMACIÓN GENERAL
campo de control de longitud fija 061121s1965 sp r ||||1| spa d
100 1# - ENTRADA PRINCIPAL--NOMBRE DE PERSONA
Nombre de persona Nemeseri, L.
9 (RLIN) 85376
245 10 - MENCIÓN DEL TÍTULO
Título Diagnóstico parasitológico veterinario /
Mención de responsabilidad, etc. Dr. L. Nemeseri y Dr. F. Holló; traducido por Jaime Esain Escobar.
260 ## - PUBLICACIÓN, DISTRIBUCIÓN, ETC.
Lugar de publicación, distribución, etc. Zaragoza :
Nombre del editor, distribuidor, etc. Acribia,
Fecha de publicación, distribución, etc. 1965.
300 ## - DESCRIPCIÓN FÍSICA
Extensión XII, 303 p. :
Otras características físicas il. ;
Dimensiones 22 cm.
700 0# - ENTRADA AGREGADA--NOMBRE PERSONAL
Nombre de persona Esaín Escobar, Jaime.
9 (RLIN) 47449
700 1# - ENTRADA AGREGADA--NOMBRE PERSONAL
Nombre de persona Holló, F.
9 (RLIN) 64038
852 ## - LOCALIZACIÓN
Ubicación ES-MaACL
Número de control de estantería C-29978
Sublocalización o colección R.60280
Holdings
Estatus retirado Estado de pérdida Estado de daño No para préstamo Biblioteca de origen Biblioteca actual Ubicación en estantería Fecha de adquisición Fuente de adquisición Total de préstamos Signatura topográfica completa Código de barras Visto por última vez Precio de reemplazo Tipo de ítem Koha
        Biblioteca del Ateneo de Madrid Biblioteca del Ateneo de Madrid Depósito 2 17/01/2008     C-29978 1116272 23/02/2023 23/02/2023 Libro impreso